000 00592nam a2200181 a 4500
001 000040264
005 20201002034023.0
008 130821s2005 mx 000 0 spa d
020 _a9703204724
040 _aDO-SdBNP
_bspa
_cBNPHU
100 1 _aMejía Vallejo, Manuel
_923098
245 1 3 _aLa muerte de Pedro Canales /
_cManuel Mejía Vallejo ; introducción Juan José Hoyos.
260 _aMéxico :
_bUniversidad de Antioquía,
_c2005.
300 _a33 p. : ;
_c21 cm.
490 1 _aDifusión cultural
_v26
700 1 _aHoyos, Juan José
_966538
830 0 _aDifusión cultural
_v26
_966273
999 _c39754
_d39754